Ley de 20 de Julio de 1955 sobre formación profesional industrial / Escuela de Trabajo de la Diputación Provincial de Barcelona, Escuela de Maestría Industrial
Descripción Física:
79 p. : il. ; 21 cm
MARC
| LEADER | 00000nam a2200000Ia 4500 | ||
|---|---|---|---|
| 001 | 23519 | ||
| 008 | 160829s1958 xx 000 0 cat d | ||
| 080 | |a FU-61-65 | ||
| 245 | |a Ley de 20 de Julio de 1955 sobre formación profesional industrial / Escuela de Trabajo de la Diputación Provincial de Barcelona, Escuela de Maestría Industrial | ||
| 260 | |a Barcelona : |b E.T. Artes Gráficas, |c 1958 | ||
| 300 | |a 79 p. : |b il. ; |c 21 cm | ||
| 650 | |a Esenyament tècnic |9 48912 | ||
| 650 | |a Formació professional |x Dret i legislació |9 48913 | ||
| 650 | 0 | |a Escola del treball (Barcelona). Escola de Mestratge Industrial |9 21240 | |
| 901 | |a Arxiu | ||
| 942 | |n 1 | ||
| 952 | |0 0 |1 0 |4 0 |6 FU6165 |7 1 |9 54959 |a Arxiu |b Arxiu |d 2012-08-06 |l 0 |o FU-61-65 |p 23519 |r 2016-12-01 00:00:00 |w 2016-12-01 |y ARXIU | ||
| 999 | |c 58829 |d 58829 | ||